[Event "Hoogovens"]
[Site "Wijk aan Zee"]
[Date "1991.??.??"]
[Round "9"]
[White "Khalifman, Alexander"]
[Black "Seirawan, Yasser"]
[Result "1-0"]
[WhiteElo "2640"]
[BlackElo "2595"]

1.e4 c6 2.d4 d5 3.Nc3 dxe4 4.Nxe4 Nf6 5.Nxf6+ exf6 6.c3 Bd6 7.Bd3 O-O 8.Ne2 Re8
9.O-O Qc7 10.Ng3 Be6 11.f4 c5 12.d5 Bd7 13.c4 Na6 14.Qf3 Qb6 15.b3 Bf8 16.Bb2 Nc7
17.Bf5 Bxf5 18.Nxf5 Red8 19.Rae1 Ne8 20.Qh5 Qa5 21.Rxe8 Rxe8 22.Nh6+ gxh6
23.Qg4+  1-0

[Event "Hoogovens"]
[Site "Wijk aan Zee"]
[Date "1991.??.??"]
[Round "9"]
[White "Piket, Jeroen"]
[Black "Olafsson, Helgi"]
[Result "1-0"]
[WhiteElo "2550"]
[BlackElo "2590"]

1.d4 Nf6 2.c4 g6 3.Nc3 d5 4.Nf3 Bg7 5.Bg5 Ne4 6.cxd5 Nxg5 7.Nxg5 e6 8.Qd2 exd5
9.Qe3+ Kf8 10.g3 Bf6 11.h4 Kg7 12.Qf4 h6 13.Nf3 Be6 14.Bg2 c6 15.Kf1 Nd7
16.Re1 Qb8 17.Bh3 Re8 18.Bxe6 Rxe6 19.h5 Qxf4 20.gxf4 Be7 21.hxg6 fxg6 22.e3 Bb4
23.Ke2 Rf8 24.Ne5 Nxe5 25.fxe5 g5 26.a3 Bxc3 27.bxc3 Kg6 28.f4 c5 29.c4 dxc4
30.d5 Rb6 31.Kf3 Rb3 32.Ke4 c3 33.d6 gxf4 34.exf4 Rxa3 35.Reg1+ Kf7 36.Rxh6 Ra4+
37.Kd5 Ke8 38.Rh7 Rd4+ 39.Ke6 c2 40.Rxb7 Rb4 41.Rxa7  1-0

[Event "Hoogovens"]
[Site "Wijk aan Zee"]
[Date "1991.??.??"]
[Round "9"]
[White "Salov, Valery"]
[Black "Chernin, Alexander"]
[Result "1/2-1/2"]
[WhiteElo "2645"]
[BlackElo "2610"]

1.Nf3 d5 2.c4 dxc4 3.e3 e6 4.Bxc4 Nf6 5.d4 a6 6.O-O c5 7.Qe2 b5 8.Bb3 Bb7
9.Rd1 Nbd7 10.Nc3 Qc7 11.e4 cxd4 12.Nxd4 Nc5 13.Be3 Be7 14.Rac1 O-O 15.f3 Rac8
16.Bc2 Rfd8 17.a3 Qb8 18.Nb3 Nxb3 19.Bxb3 Bd6 20.g3 Be5 21.Rxd8+ Rxd8 22.Rd1 h5
23.Rxd8+ Qxd8 24.Qd2 Qc7 25.Ne2 Nd7 26.Bf4 Qc6 27.Kg2 Bxf4 28.Nxf4 g6 29.Bxe6 fxe6
30.Nxg6 Kf7 31.Qh6 Qc2+ 32.Kh3 Bxe4 33.Nh8+ Ke7 34.Qg5+ Kd6 35.Nf7+ Kc6 36.Nd8+ Kb6
37.Qe3+ Kc7 38.Nxe6+ Kd6 39.Nd4 Bf5+ 40.g4 Bxg4+ 41.fxg4 hxg4+ 42.Kxg4 Qxh2
43.Qe6+ Kc7 44.Qc6+ Kd8 45.Qa8+ Kc7 46.Qa7+ Kd8 47.Nc6+ Kc8 48.Ne7+ Kd8 49.Nc6+  1/2-1/2

[Event "Hoogovens"]
[Site "Wijk aan Zee"]
[Date "1991.??.??"]
[Round "9"]
[White "Nunn, John DM"]
[Black "Sokolov, Ivan"]
[Result "1-0"]
[WhiteElo "2600"]
[BlackElo "2570"]

1.e4 e5 2.Nf3 Nc6 3.Bb5 a6 4.Ba4 Nf6 5.O-O Be7 6.Re1 b5 7.Bb3 O-O 8.c3 d5
9.exd5 Nxd5 10.Nxe5 Nxe5 11.Rxe5 c6 12.d4 Bd6 13.Re1 Qh4 14.g3 Qh3 15.Re4 Qd7
16.Nd2 Bb7 17.Re1 c5 18.Ne4 c4 19.Bc2 Be7 20.Ng5 Bxg5 21.Bxg5 Rae8 22.f3 h6
23.Bd2 f5 24.Re5 f4 25.Qe2 Nb4 26.Rxe8 Rxe8 27.Be4 Nd3 28.Bxf4 Qf7 29.Qg2 g5
30.Be5 Bxe4 31.fxe4 Nxe5 32.dxe5 Rxe5 33.Rd1 g4 34.Rd6 Qa7+ 35.Qf2 Qe7 36.Rg6+ Kh7
37.Rxg4 h5 38.Rf4 Kg7 39.Qd4 Kh7 40.Rf7+ Qxf7 41.Qxe5  1-0

[Event "Hoogovens"]
[Site "Wijk aan Zee"]
[Date "1991.??.??"]
[Round "9"]
[White "Fedorowicz, John P"]
[Black "Adams, Michael"]
[Result "1/2-1/2"]
[WhiteElo "2555"]
[BlackElo "2600"]

1.d4 Nf6 2.c4 e6 3.Nf3 b6 4.g3 Bb7 5.Bg2 Be7 6.O-O O-O 7.Nc3 Ne4 8.Bd2 f5
9.d5 Bf6 10.Rc1 c5 11.Ne1 exd5  1/2-1/2

[Event "Hoogovens"]
[Site "Wijk aan Zee"]
[Date "1991.??.??"]
[Round "10"]
[White "Seirawan, Yasser"]
[Black "Salov, Valery"]
[Result "1/2-1/2"]
[WhiteElo "2595"]
[BlackElo "2645"]

1.d4 d5 2.c4 c6 3.Nc3 Nf6 4.e3 g6 5.Nf3 Bg7 6.Bd3 O-O 7.O-O Bg4 8.h3 Bxf3
9.Qxf3 e6 10.Rd1 Nbd7 11.Bf1 Nb6 12.b3 Nc8 13.Bd2 Nd6 14.Be1 Nfe4 15.Nxe4 Nxe4
16.Qe2 Qd6 17.b4 a6 18.a4 f5 19.g3 g5 20.Bg2 Qd7 21.c5 Rae8 22.f3 Nf6 23.f4 Ne4
24.b5 axb5 25.axb5 Ra8 26.bxc6 bxc6 27.Ra6 gxf4 28.gxf4 Bf6 29.Rda1 Rxa6
30.Rxa6 Kh8 31.Qa2 Rg8 32.Ra8 Bd8 33.Ba5 Bh4 34.Rxg8+ Kxg8 35.Bxe4 fxe4 36.Qg2+ Qg7
37.Qg4 h5 38.Qxg7+ Kxg7 39.Kf1 Kf7 40.Be1 Bd8 41.Ke2 Ke8 42.Kd1 Kd7 43.Kc2 Kc8
44.Kb3 Kb7 45.Ka3 Be7 46.Kb3 Ka6 47.Kb4 Bf6 48.Ka4 Bd8 49.Bd2 Bh4 50.Kb4  1/2-1/2

[Event "Hoogovens"]
[Site "Wijk aan Zee"]
[Date "1991.??.??"]
[Round "10"]
[White "Adams, Michael"]
[Black "Piket, Jeroen"]
[Result "0-1"]
[WhiteElo "2600"]
[BlackElo "2550"]

1.e4 e5 2.Nf3 Nc6 3.Bb5 a6 4.Ba4 d6 5.c3 f5 6.exf5 Bxf5 7.O-O Bd3 8.Re1 Be7
9.Re3 e4 10.Ne1 Bg5 11.Nxd3 Bxe3 12.Nb4 Bxf2+ 13.Kxf2 Qh4+ 14.Kg1 Nh6 15.Qf1 Ng4
16.Qf4 Rf8 17.Qg3 Rf1+ 18.Kxf1 Nxh2+ 19.Qxh2 Qxh2  0-1

[Event "Hoogovens"]
[Site "Wijk aan Zee"]
[Date "1991.??.??"]
[Round "10"]
[White "Olafsson, Helgi"]
[Black "Khalifman, Alexander"]
[Result "0-1"]
[WhiteElo "2590"]
[BlackElo "2640"]

1.d4 Nf6 2.c4 g6 3.Nc3 Bg7 4.e4 d6 5.Bd3 Nc6 6.Nge2 Nd7 7.Be3 O-O 8.O-O e5
9.d5 Nd4 10.Bc2 Nxc2 11.Qxc2 f5 12.exf5 gxf5 13.f4 Nf6 14.h3 Bd7 15.Qd2 Qe8
16.a4 a6 17.Ng3 Qg6 18.Qf2 Rae8 19.Rae1 Rf7 20.a5 Bf8 21.Bd2 Rg7 22.Re3 h5
23.Nge2 h4 24.Kh2 Nh5 25.Be1 Be7 26.Rg1 Kh7 27.Rf3 Reg8 28.Kh1 Bf6 29.Qe3 Kh8
30.Bd2 Re7 31.Qf2 Rh7 32.Kh2 Rhg7 33.Kh1 Bc8 34.Be1 Rh7 35.Nd1 Bd7 36.Ndc3 Re8
37.Bd2 Rg8 38.Be1 Rhg7 39.Bd2 Kh7 40.Be1 Re7 41.Bd2 Bc8 42.b4 Kh8 43.Kh2 Reg7
44.Kh1 Qh7 45.Be1 e4 46.Re3 Bd7 47.Nc1 Ng3+ 48.Kh2 Bd4 49.Bd2 Qh6 50.N3e2 Bxe3
51.Qxe3 Kh7 52.Be1 Be8 53.Qf2 Re7 54.Qe3 Reg7 55.Qf2 Bh5 56.Nd4 Re7 57.Qe3 Qg6
58.Bxg3 hxg3+ 59.Kh1 Qf6 60.Re1 Rf7 61.Ne6 Kh6 62.Nb3 Qb2 63.Ng5 Rxg5 64.fxg5+ Kh7
65.Nd2 Bg6 66.Qe2 Qe5 67.Rf1 Kg8 68.Qe3 f4 69.Qe2 Qf5 70.Ra1 f3  0-1

[Event "Hoogovens"]
[Site "Wijk aan Zee"]
[Date "1991.??.??"]
[Round "10"]
[White "Chernin, Alexander"]
[Black "Nunn, John DM"]
[Result "1/2-1/2"]
[WhiteElo "2610"]
[BlackElo "2600"]

1.c4 g6 2.g3 c6 3.Bg2 d5 4.cxd5 cxd5 5.d4 Bg7 6.Nc3 Nf6 7.Nf3 O-O 8.O-O e6
9.b3 Nc6 10.Bb2 b6 11.Rc1 Bb7 12.e3 Rc8  1/2-1/2

[Event "Hoogovens"]
[Site "Wijk aan Zee"]
[Date "1991.??.??"]
[Round "11"]
[White "Van der Wiel, John TH"]
[Black "Chernin, Alexander"]
[Result "0-1"]
[WhiteElo "2530"]
[BlackElo "2610"]

1.e4 d6 2.d4 Nf6 3.Nc3 g6 4.Bg5 h6 5.Be3 a6 6.f3 b5 7.Qd2 Nbd7 8.a4 b4 9.Nd1 Rb8
10.Nh3 c5 11.dxc5 Nxc5 12.e5 Bxh3 13.exf6 Bd7 14.fxe7 Bxe7 15.Bxh6 Bf6 16.Bf4 O-O
17.Bc4 Re8+ 18.Kf2 Nxa4 19.Qxd6 Rc8 20.Qxb4 Bb5 21.Bxb5 Rxc2+ 22.Kg3 axb5
23.Qxb5 Be5 24.Qxe5 Rxe5 25.Rxa4 Ree2 26.Ne3 g5 27.Bxg5 Qd6+ 28.Kh3 Qd7+
29.Rg4 f5 30.Rb4 Rxe3 31.Bxe3 f4+ 32.g4 fxe3 33.Re4 Qd2 34.Kh4 Rc7 35.Re5 Rh7+
36.Kg5 e2+ 37.f4 Rg7+ 38.Kh5 Qxf4  0-1

[Event "Hoogovens"]
[Site "Wijk aan Zee"]
[Date "1991.??.??"]
[Round "11"]
[White "Piket, Jeroen"]
[Black "Kozul, Zdenko"]
[Result "0-1"]
[WhiteElo "2550"]
[BlackElo "2580"]

1.d4 Nf6 2.c4 g6 3.Nc3 Bg7 4.e4 d6 5.Nf3 O-O 6.Be2 e5 7.O-O Na6 8.Be3 Qe8
9.dxe5 dxe5 10.Nd2 Nd7 11.a3 f5 12.f3 f4 13.Bf2 Nac5 14.b4 Ne6 15.c5 g5 16.Ra2 Rf6
17.Bc4 Nf8 18.Nd5 Rf7 19.b5 Kh8 20.Nb3 c6 21.Nc3 Rf6 22.bxc6 bxc6 23.Rd2 Ng6
24.Na5 Bf8 25.Nxc6 g4 26.fxg4 f3 27.gxf3 Ng5 28.Be3 Nh3+ 29.Kh1 Rxc6 30.Bb5 Ba6
31.a4 Bxb5 32.axb5 Rxc5 33.Bxc5 Bxc5 34.Qa4 Be3 35.Rc2 Qf8 36.Nd5 Bd4 37.Qa6 Rb8
38.Qc6 Ngf4 39.Nxf4 Nxf4 40.Qd7 Qh6 41.Rc8+ Rxc8 42.Qxc8+ Kg7 43.Qd7+ Kf6
44.Qd6+ Ne6 45.f4 exf4 46.Qd5 Qh3 47.Rxf4+ Nxf4 48.Qxd4+ Kg6 49.Qd6+ Kg5
50.Qd8+ Kxg4 51.Qc8+ Kf3 52.Qc3+ Kf2  0-1

[Event "Hoogovens"]
[Site "Wijk aan Zee"]
[Date "1991.??.??"]
[Round "11"]
[White "Nunn, John DM"]
[Black "Seirawan, Yasser"]
[Result "1/2-1/2"]
[WhiteElo "2600"]
[BlackElo "2595"]

1.e4 c6 2.d4 d5 3.e5 Bf5 4.Nf3 e6 5.Be2 Nd7 6.O-O Ne7 7.Nbd2 Bg6 8.c4 Nf5
9.cxd5 cxd5 10.Nb3 Rc8 11.Bd2 Be7 12.Na5 O-O 13.Qa4 Nb6 14.Qb3 Bh5 15.Bc3 Rc7
16.Rfe1 Qd7 17.Bb5 Qc8 18.Be2 Qd7 19.Bb5 Qc8 20.Be2  1/2-1/2

[Event "Hoogovens"]
[Site "Wijk aan Zee"]
[Date "1991.??.??"]
[Round "12"]
[White "Chernin, Alexander"]
[Black "Lautier, Joel"]
[Result "1/2-1/2"]
[WhiteElo "2610"]
[BlackElo "2550"]

1.d4 Nf6 2.c4 e6 3.g3 c5 4.d5 exd5 5.cxd5 d6 6.Bg2 g6 7.Nc3 Bg7 8.Nf3 O-O
9.O-O Na6 10.Re1 Re8 11.Bg5 Qb6 12.Qc2 Nb4 13.Qd2 Bd7 14.a3  1/2-1/2

[Event "Hoogovens"]
[Site "Wijk aan Zee"]
[Date "1991.??.??"]
[Round "12"]
[White "Kozul, Zdenko"]
[Black "Khalifman, Alexander"]
[Result "1/2-1/2"]
[WhiteElo "2580"]
[BlackElo "2640"]

1.d4 Nf6 2.c4 e6 3.Nc3 Bb4 4.Qc2 O-O 5.a3 Bxc3+ 6.Qxc3 b6 7.Nf3 Bb7 8.e3 d6
9.b4 Nbd7 10.Bb2 a5 11.b5 Ne4 12.Qc2 f5 13.Be2 Qe7 14.O-O Rae8 15.Nd2 Qg5
16.f4 Qe7 17.Bf3 Ndf6 18.Rfe1 Ba8 19.Nxe4 Nxe4 20.a4 Qh4 21.g3 Qh6 22.Qe2 Rd8
23.Red1 Qg6 24.Kf1 Qf7 25.Rd3 Rd7 26.Rc1 h6 27.Ba3 Rfd8 28.Qg2 Qe8 29.Bb2 Nf6
30.d5 e5 31.Rd2 Bb7 32.fxe5 dxe5 33.Rf2 Bc8 34.Kg1 Rf7 35.Qf1 Qe7 36.Qe1 Nd7
37.Qc3 Nc5 38.Ba3 Rdf8 39.Re1 e4 40.Bh5 Rf6 41.Bd1 Bd7 42.Kf1 Be8 43.Ke2 Bh5+
44.Kd2 Bxd1 45.Rxd1 Kf7 46.Rb1 Ke8 47.Qd4 Kd7 48.Bxc5 Qxc5 49.Qxc5 bxc5 50.Ke2 g5
51.Rb2 Rb6 52.Rb1 Kd6 53.h4 g4 54.Kd2 h5 55.Kc3 Ke5 56.Rd2 Rd8 57.Rf1 Rf6  1/2-1/2

[Event "Hoogovens"]
[Site "Wijk aan Zee"]
[Date "1991.??.??"]
[Round "13"]
[White "Van der Wiel, John TH"]
[Black "Olafsson, Helgi"]
[Result "1-0"]
[WhiteElo "2530"]
[BlackElo "2590"]

1.e4 c5 2.Nc3 d6 3.Nge2 a6 4.g3 Nc6 5.Bg2 g6 6.d4 cxd4 7.Nxd4 Bd7 8.Nd5 e6
9.Ne3 Bg7 10.Nb3 Qc7 11.a4 Nge7 12.O-O O-O 13.Re1 b6 14.c3 Rfd8 15.h4 Rab8
16.h5 b5 17.axb5 axb5 18.Ng4 b4 19.hxg6 hxg6 20.Bg5 bxc3 21.bxc3 Rb5 22.Nd4 Rc5
23.Nf6+ Kf8 24.Qd2 Ne5 25.Nh7+ Ke8 26.Bf6  1-0

[Event "Hoogovens"]
[Site "Wijk aan Zee"]
[Date "1991.??.??"]
[Round "13"]
[White "Nunn, John DM"]
[Black "Adams, Michael"]
[Result "1/2-1/2"]
[WhiteElo "2600"]
[BlackElo "2600"]

1.e4 c6 2.d4 d5 3.Nd2 dxe4 4.Nxe4 Nd7 5.Nf3 Ngf6 6.Nxf6+ Nxf6 7.Ne5 Be6 8.Be2 g6
9.O-O Bg7 10.c4 O-O 11.Be3 Ne4  1/2-1/2

[Event "Hoogovens"]
[Site "Wijk aan Zee"]
[Date "1991.??.??"]
[Round "13"]
[White "Lautier, Joel"]
[Black "Seirawan, Yasser"]
[Result "0-1"]
[WhiteElo "2550"]
[BlackElo "2595"]

1.d4 Nf6 2.c4 c5 3.d5 e5 4.Nc3 d6 5.e4 Be7 6.Nf3 Nbd7 7.Bd3 Nf8 8.h3 h5 9.Be3 h4
10.Qd2 Ng6 11.O-O-O Bd7 12.Kb1 a6 13.Qc2 Nh5 14.Ne2 b5 15.g4 Nf6 16.Nd2 O-O
17.f4 exf4 18.Nxf4 Ne5 19.g5 Ne8 20.Rhg1 Nc7 21.g6 f5 22.Rdf1 Bg5 23.Qd1 Bh6
24.Bc2 bxc4 25.Qh5 Qf6 26.Ne6 Bxe6 27.Bg5 Qxg6 28.Qxg6 Nxg6 29.dxe6 Bxg5
30.Rxg5 Ne7 31.exf5 d5 32.Rfg1 g6 33.fxg6 Rf6 34.g7 Nxe6 35.Re5 Kf7 36.Rge1 Rd8
37.Bd1 Ng6 38.Bh5 Nf4 39.Re7+ Kg8 40.Bxg6 Nxg6 41.Rc7 Rf2 42.Re6 Rxd2 43.Rxg6 Re8
44.Rg1 Rb8 45.b3 cxb3 46.Rxc5 bxa2+ 47.Ka1 Rb1+ 48.Rxb1 axb1=Q+ 49.Kxb1 Kxg7
50.Ra5 Rd3 51.Rxa6 Rxh3 52.Rd6 Rg3 53.Rxd5 Kh6 54.Kc2 h3 55.Rd8 Kg5 56.Kd2 Kg4
57.Rh8 Kf3  0-1

[Event "Hoogovens"]
[Site "Wijk aan Zee"]
[Date "1991.??.??"]
[Round "13"]
[White "Piket, Jeroen"]
[Black "Hansen, Curt"]
[Result "1/2-1/2"]
[WhiteElo "2550"]
[BlackElo "2565"]

1.d4 e6 2.c4 Nf6 3.Nc3 Bb4 4.Qb3 c5 5.dxc5 Nc6 6.Nf3 O-O 7.Bg5 h6 8.Bxf6 Qxf6
9.e3 Bxc5 10.Be2 b6 11.O-O Qd8 12.Rfd1 Be7 13.Rd2 a6 14.Rad1 Qc7 15.Ne4 Rd8
16.Nd6 Na5 17.Qc3 Nb7 18.Nxc8 Raxc8 19.Rc2 Nc5 20.Nd4 Ne4 21.Qd3 Nc5 22.Qa3 a5
23.Bf3 Qb8 24.Nb5 Bf8 25.Qc3 Na6 26.Qb3 Nc5 27.Qc3 Na6 28.Qb3 Nc5  1/2-1/2

[Event "Hoogovens"]
[Site "Wijk aan Zee"]
[Date "1991.??.??"]
[Round "13"]
[White "Khalifman, Alexander"]
[Black "Fedorowicz, John P"]
[Result "1-0"]
[WhiteElo "2640"]
[BlackElo "2555"]

1.e4 Nf6 2.e5 Nd5 3.d4 d6 4.Nf3 g6 5.Bc4 Nb6 6.Bb3 Bg7 7.Ng5 e6 8.Qf3 Qe7
9.Ne4 dxe5 10.Bg5 Qb4+ 11.c3 Qa5 12.Bf6 Bxf6 13.Qxf6 O-O 14.Qxe5 Qxe5 15.dxe5 Bd7
16.Nbd2 Bc6 17.f4 N6d7 18.Bc2 a5 19.O-O-O Kg7 20.Rhe1 a4 21.b4 axb3 22.axb3 Na6
23.b4 Nb6 24.Kb2 Rad8 25.g3 Bb5 26.Bb3 Ba4 27.Bxa4 Nxa4+ 28.Kb3 b5 29.Nf3 c5
30.Rxd8 Rxd8 31.Nd6 Nc7 32.Ng5 c4+ 33.Kc2 Ra8 34.Ra1 f6 35.Nge4 fxe5 36.fxe5 Nb6
37.Rxa8 Nbxa8 38.Nf6 Nb6 39.Kd2 h5 40.Nfe8+ Nxe8 41.Nxe8+ Kf8 42.Nc7 Ke7
43.Ke3 Kd7 44.Nxb5 Kc6 45.Nd4+ Kd5 46.Kf4 Nd7 47.Nc2 Nxe5 48.Ne3+ Kd6 49.h4  1-0